NBA Stars Drafted By a Different Team - Statistics

General Stats
  • This quiz has been taken 37 times
  • The average score is 8 of 15
Answer Stats
Player Drafted By % Correct
Luka Doncic Atlanta Hawks
94%
Kobe Bryant Charlotte Hornets
91%
Andrew Wiggins Cleveland Cavaliers
88%
Kawhi Leonard Indiana Pacers
79%
Dirk Nowitzki Milwaukee Bucks
76%
Bill Russell St. Louis Hawks
65%
Vince Carter Golden State Warriors
59%
Rudy Gobert Denver Nuggets
50%
Pau Gasol Atlanta Hawks
41%
LaMarcus Aldridge Chicago Bulls
35%
Kevin Love Memphis Grizzlies
35%
Ray Allen Minnesota Timberwolves
35%
Rajon Rondo Phoenix Suns
35%
Steve Francis Vancouver Grizzlies
32%
Dominique Wilkins Utah Jazz
26%
No matching quizzes found
Score Distribution
Percent of People with Each Score
Percentile by Number Answered
Your Score History
You have not taken this quiz